LDR 01171naa#a2200181#i#450# 001 RU\\bibl\121422 005 20260515170625.5 011 ## _a1994-4683 100 ## _a20230531b2023####ek#y0rusy0150####ca 102 ## _aRU 200 1# _aЭКСПЕРИМЕНТАЛЬНОЕ ОБОСНОВАНИЕ МЕТОДИКИ ПОВЫШЕНИЯ УРОВНЯ СПЕЦИАЛЬНОЙ ФИЗИЧЕСКОЙ ПОДГОТОВЛЕННОСТИ КУРСАНТОВ ДЛЯ УСПЕШНОЙ РЕАЛИЗАЦИИ ДВИГАТЕЛЬНЫХ ЗАДАЧ В ВЕРОЯТНОСТНЫХ УСЛОВИЯХ СЛУЖЕБНОЙ ДЕЯТЕЛЬНОСТИ _eЖурнальная статья 210 1# _aМосква _cНациональный государственный Университет физической культуры, спорта и здоровья им. П.Ф. Лесгафта _d2023 215 ## _a5 с. 608 ## _aЖурнальная статья _2local 675 ## _aСпортивная тренировка. Методика. Нагрузка. Спортивные результаты. 796.015 _z 700 #1 _aКаранкевич _gА И 700 #1 _aРисник _gВ В 856 4# _auchzapiski.lesgaft.spb.ru _u